000 01257nam a2200337 a 4500
001 000108838
003 CHAP
005 20220329144026.0
008 140314s2013 mx a |sm |||||||spa|d
010 _a105300
011 _a106272
040 _cCHAP
090 _aTesis
100 1 _aMoedano Mariano, Magda Karina
_976445
245 1 0 _aIncidencia de Fusarium spp. En trigo (Triticum aestivum L.) procedente de los Valles Altos de México
_h[En línea]
_cpor Magda Karina Moedano Mariano.
260 _aChapingo, Méx. :
_bEl autor,
_c2013.
500 _aPara ver el contenido del material haga clic en la liga
502 _aTesis (M.C. en Protección Vegetal) -- UACH. Departamento de Parasitología Agrícola
590 _aBATCH-UPD
_b05
_c20140324
_lUCH01
_h1536
590 _aBATCH-UPD
_b05
_c20141002
_lUCH01
_h0858
590 _aE792CSJ
_b05
_c20140314
_lUCH01
_h1059
590 _aE792CSJ
_b05
_c20140314
_lUCH01
_h1059
650 1 4 _aFusarium.
_944082
650 1 4 _aPudrición de la raíz
_xTrigo.
_992858
650 1 4 _aTrigo
_xEnfermedades por hongos.
_9115018
650 1 4 _aTrigo
_xValles altos
_zMéxico.
_9115117
856 _aFinding aid
_uhttp://10.13.5.2/tesis/sist108838.pdf
_zTeclea aquí
901 _aBK
942 _cTESIS
942 _n0
999 _c105300
_d105300